00195nam a2200085 4500082001200000100001700012245003100029260004100060300000800101 a574 BAE aBaer,Adela S aCentral Concept of Biology aNew YorkbThe McMillan Companyc1971 a385